Introducción a los dispositivos semiconductores : principios y modelos /
Guardado en:
| Autor Principal: | |
|---|---|
| Formato: | Libro |
| Idioma: | Spanish |
| Publicado: |
Bahía Blanca :
EdiUNS, Editorial de la Universidad Nacional del Sur,
2011.
|
| Series: | Serie Docencia
|
| Materias: | |
| Acceso en línea: | Material adicional |
| Etiquetas: |
Agregar Etiqueta
Sin Etiquetas, Sea el primero en etiquetar este registro!
|
| LEADER | 00943nam a22002535a 4500 | ||
|---|---|---|---|
| 001 | EUN.eunm003747 | ||
| 005 | 20121211105524.0 | ||
| 008 | 110928s2011####ag#a#####b####000#0#spa#d | ||
| 020 | |a 9789871620449 | ||
| 082 | 0 | 4 | |a 621.38173 |2 19 |
| 100 | 1 | |a Julián, Pedro. | |
| 245 | 1 | 0 | |a Introducción a los dispositivos semiconductores : |b principios y modelos / |c Pedro Julián. |
| 260 | |a Bahía Blanca : |b EdiUNS, Editorial de la Universidad Nacional del Sur, |c 2011. | ||
| 300 | |a x, 210 p. : |b il. ; |c 29 cm. | ||
| 490 | 1 | |a Docencia | |
| 504 | |a Incluye referencias bibliográficas. | ||
| 650 | 7 | |a Ingeniería. |2 unbist | |
| 650 | 7 | |a Electrónica. |2 unbist | |
| 650 | 7 | |a Microelectrónica. |2 unbist | |
| 650 | 7 | |a Semiconductores. |2 unbist | |
| 653 | |a Circuitos integrados | ||
| 830 | 0 | |a Serie Docencia | |
| 856 | 4 | 2 | |3 Material adicional |u http://www.gisee.uns.edu.ar/LibroDispositivos |
| 859 | |a AR-BaUNS |b BIB. CENTRAL - Sector A |h 621.38173 |i J942 |p 122514/011 |t Ej.5 | ||
